Programas de educación sexual en instituciones públicas y privadas del valle de México: un análisis de sus objetivos y contenidos
محفوظ في:
| المؤلف الرئيسي: | |
|---|---|
| التنسيق: | كتاب |
| اللغة: | الإسبانية |
| منشور في: |
Ciudad de México
Universidad Nacional Autónoma de México
2000
|
| الموضوعات: | |
| الوسوم: |
إضافة وسم
لا توجد وسوم, كن أول من يضع وسما على هذه التسجيلة!
|
MARC
| LEADER | 00000nam a2200000 a 4500 | ||
|---|---|---|---|
| 001 | UCN5815 | ||
| 003 | CL-VaPUC | ||
| 008 | 010913e20000000MX |||||||||||||||||spa|d | ||
| 082 | 0 | 4 | |a 372.372 |b GAR |2 21 |
| 100 | 0 | |a Garza Talavera, Sandra Cecilia de la |e author |9 461505 | |
| 245 | 1 | 0 | |a Programas de educación sexual en instituciones públicas y privadas del valle de México: un análisis de sus objetivos y contenidos |
| 300 | |a 221 h | ||
| 942 | |c BK | ||
| 945 | |d 20010913 00:00:00 |a rbrito | ||
| 260 | |a Ciudad de México |b Universidad Nacional Autónoma de México |c 2000 | ||
| 500 | |a Tesis editada como libro. Para optar a título de Psicólogo, prof. guía Selma González Serratos | ||
| 650 | 0 | |a Educación sexual |9 308005 | |
| 650 | 0 | |a Sexo |9 257818 | |
| 650 | 0 | |a Conducta sexual |9 309880 | |
| 650 | 0 | |a Educación básica |9 224933 | |
| 651 | 7 | |a CHILE |2 CL-VaPUC |9 461506 | |
| 651 | 0 | |a México |9 255269 | |
| 583 | |a last modification |c 20130403 05:35:51 |k Rodrigo Vera | ||
| 999 | |c 296962 |d 296960 | ||
| 952 | |0 0 |1 0 |4 0 |6 372_372000000000000_GAR_2000 |7 0 |8 A |9 351279 |a BIBGIM |b BIBGIM |d 2019-11-21 |i 3674533 |o 372.372 GAR 2000 |p 3674533 |r 2025-01-15 |w 2019-11-21 |y BK |k GIM | ||